[Event "DVM U16 2012"]
[Site "Naumburg (Saale) GER"]
[Date "2012.12.29"]
[Round "6"]
[White "Xu, Xianliang"]
[Black "Koop, Thorben"]
[Result "1/2-1/2"]
[Termination "normal"]
[Board "1.1"]
[WhiteElo "2055"]
[BlackElo "2147"]
[WhiteTeam "SG Porz"]
[BlackTeam "SV Lingen"]
[WhiteFideId "4603230"]
[BlackFideId "24661619"]
[EventCountry "GER"]
[EventRounds "7"]
[EventType "team-swiss"]
[EventDate "2012.12.26"]

1. c4 Nf6 2. g3 g6 3. Bg2 Bg7 4. Nf3 O-O 5. O-O c6 6. d3 d5 7. Nbd2 a5 8. Rb1
dxc4 9. Nxc4 Nd5 10. Bd2 b5 11. Ne3 Nxe3 12. Bxe3 Be6 13. a3 Ba2 14. Ra1 Bd5
15. Qd2 Qd6 16. Bh6 c5 17. Bxg7 Kxg7 18. Rac1 Nd7 19. Rfd1 e5 20. Ng5 Bxg2 21.
Kxg2 Rfc8 22. Qe3 f5 23. Kg1 1/2-1/2

[Event "DVM U16 2012"]
[Site "Naumburg (Saale) GER"]
[Date "2012.12.29"]
[Round "6"]
[White "Oehne, Timo"]
[Black "Eigemann, Frederik"]
[Result "1-0"]
[Termination "normal"]
[Board "1.2"]
[WhiteElo "1934"]
[BlackElo "2011"]
[WhiteTeam "SV Lingen"]
[BlackTeam "SG Porz"]
[WhiteFideId "24661635"]
[BlackFideId "24692034"]
[EventCountry "GER"]
[EventRounds "7"]
[EventType "team-swiss"]
[EventDate "2012.12.26"]

1. e4 e6 2. d4 c5 3. Nf3 cxd4 4. Nxd4 a6 5. Nc3 Qc7 6. Bd3 Nf6 7. f4 d6 8. O-O
Be7 9. Kh1 b5 10. e5 Nfd7 11. exd6 Qxd6 12. Qf3 Nb6 13. Be4 Ra7 14. Rd1 Nd5 15.
Be3 Nxe3 16. Qxe3 Qb6 17. a4 Bd7 18. axb5 axb5 19. Rxa7 Qxa7 20. Qg3 Bf6 21.
Ndxb5 Bxb5 22. Nxb5 Qc5 23. Nd6+ Ke7 24. Nb7 Qb4 25. Qd3 Bxb2 26. c4 Qc3 27.
Qd6+ Kf6 28. c5 Rc8 29. f5 Qe5 30. Qd3 exf5 31. Bxf5 Re8 32. Rf1 Ke7 33. Nd6
Rd8 34. Nc8+ Ke8 35. Qb5+ Kf8 36. Qb6 Nc6 37. Nd6 Qe2 38. Rb1 g6 39. Qxc6 gxf5
40. Qc7 1-0

[Event "DVM U16 2012"]
[Site "Naumburg (Saale) GER"]
[Date "2012.12.29"]
[Round "6"]
[White "Padva, Leo"]
[Black "Bach, Jannik"]
[Result "0-1"]
[Termination "normal"]
[Board "1.3"]
[WhiteElo "1750"]
[BlackElo "1877"]
[WhiteTeam "SG Porz"]
[BlackTeam "SV Lingen"]
[WhiteFideId "12964379"]
[BlackFideId "24615900"]
[EventCountry "GER"]
[EventRounds "7"]
[EventType "team-swiss"]
[EventDate "2012.12.26"]

1. d4  Nf6 2. c4 e6 3. Nc3 Bb4 4. a3 Bxc3+ 5. bxc3 b6 6. Nf3 Bb7 7. e3 O-O 8.
Bd3 Ne4 9. O-O d6 10. Qc2 f5 11. Nd2 Nxd2 12. Bxd2 Qf6 13. f3 e5 14. Rae1 Nd7
15. Kh1 Kh8 16. e4 f4 17. Rb1 a5 18. d5 Nc5 19. Be2 Rae8 20. Be1 Bc8 21. Bf2
Bd7 22. Bxc5 dxc5 23. Rfd1 Qd6 24. Rd2 Rf6 25. Bf1 Rd8 26. Rb2 Rh6 27. Rf2 Be8
28. Qd2 Qf6 29. h3 Rd6 30. Re2 Rg6 31. Qe1 Rg3 32. Qf2 Kg8 33. Ra2 Bd7 34. Rab2
Qh4 35. Qg1 Qh6 36. Rbc2 Bxh3 37. Qh2 Bc8 38. Qxh6 Rxh6+ 39. Kg1 Ba6 40. Red2
Rd6 41. Kf2 Kf7 42. Rd1 Ke7 43. Rb2 Rdg6 44. Rbb1 Kd6 45. Rb2 Bxc4 46. Kg1 Bxf1
47. Rxf1 c4 48. Rff2 Rh6 49. Ra2 g5 50. Rf1 g4 51. Raf2 gxf3 52. Rxf3 Rhg6 53.
R1f2 Rxf3 54. Rxf3 Rg3 55. Kf2 Rxf3+ 56. Kxf3 b5 57. Ke2 c6 58. dxc6 Kxc6 59.
Kd2 Kc5 60. Kc2 b4 61. a4 bxc3 62. Kxc3 h5 63. Kd2 Kd4 64. g4 fxg3 65. Ke2 c3
66. Kd1 g2 67. Ke2 g1=Q 68. Kf3 Qg4+ 69. Kf2 c2 70. Ke1 Ke3 71. Kf1 c1=R# 0-1

[Event "DVM U16 2012"]
[Site "Naumburg (Saale) GER"]
[Date "2012.12.29"]
[Round "6"]
[White "Vonhoff, Nils"]
[Black "Spindler, Florian"]
[Result "1/2-1/2"]
[Termination "normal"]
[Board "1.4"]
[WhiteElo "1786"]
[BlackElo "1616"]
[WhiteTeam "SV Lingen"]
[BlackTeam "SG Porz"]
[WhiteFideId "24692301"]
[BlackFideId "12964387"]
[EventCountry "GER"]
[EventRounds "7"]
[EventType "team-swiss"]
[EventDate "2012.12.26"]

1. e4 e5 2. Bc4 Nf6 3. d3 Bc5 4. c3 Nc6 5. b4 Bb6 6. a4 a6 7. Nf3 d6 8. O-O Bg4
9. Nbd2 O-O 10. Qb3 Qd7 11. Bb2 h6 12. Rfe1 Rfe8 13. Rad1 Re7 14. Qc2 Rae8 15.
Ba2 Qc8 16. Bb1 Bh5 17. Rc1 Bg6 18. Nc4 Ba7 19. b5 axb5 20. axb5 Nd8 21. Qa4
Bb6 22. Nxb6 cxb6 23. Ba3 Qc7 24. Nh4 Bh7 25. g3 Rd7 26. Ng2 d5 27. Ne3 dxe4
28. dxe4 Ne6 29. f3 Ng5 30. Rf1 Rd2 31. Rc2 Rd3 32. Re2 Rxc3 33. Bb2 Rc5 34.
Ba3 Rc3 35. Bb2 Rc5 1/2-1/2

[Event "DVM U16 2012"]
[Site "Naumburg (Saale) GER"]
[Date "2012.12.29"]
[Round "6"]
[White "Noe, Christopher"]
[Black "Carmesin, Matthias"]
[Result "1-0"]
[Termination "normal"]
[Board "2.1"]
[WhiteElo "2197"]
[BlackElo "1979"]
[WhiteTeam "SC Eppingen"]
[BlackTeam "Stader SV"]
[WhiteFideId "24692018"]
[BlackFideId "4635965"]
[EventCountry "GER"]
[EventRounds "7"]
[EventType "team-swiss"]
[EventDate "2012.12.26"]

1. d4 Nf6 2. Nf3 d6 3. h3 Nbd7 4. Bf4 c6 5. e3 g6 6. Be2 Bg7 7. O-O O-O 8. c4
Re8 9. Nc3 Qc7 10. Bh2 c5 11. d5 a6 12. e4 b6 13. Qd2 Bb7 14. Rad1 Rad8 15. Ne1
Nf8 16. f4 e5 17. f5 h6 18. Kh1 N8h7 19. Bg1 g5 20. Be3 Qe7 21. Rb1 Ra8 22. b4
Reb8 23. Nd3 Bc8 24. Rb3 Ne8 25. Rfb1 Qc7 26. Qb2 Bf8 27. bxc5 dxc5 28. Rxb6
Bd6 29. Bxc5 Rxb6 30. Bxb6 Qe7 31. c5 Bb8 32. Nb4 Nhf6 33. d6 Qf8 34. Rd1 Ba7
35. Nc6 Bxb6 36. Ne7+ Kh7 37. Qxb6 Nd7 38. Qc6 1-0

[Event "DVM U16 2012"]
[Site "Naumburg (Saale) GER"]
[Date "2012.12.29"]
[Round "6"]
[White "Vöge, Tobias"]
[Black "Hahn, Cedric"]
[Result "1-0"]
[Termination "normal"]
[Board "2.2"]
[WhiteElo "1846"]
[BlackElo "1665"]
[WhiteTeam "Stader SV"]
[BlackTeam "SC Eppingen"]
[WhiteFideId "1270513"]
[BlackFideId "12910538"]
[EventCountry "GER"]
[EventRounds "7"]
[EventType "team-swiss"]
[EventDate "2012.12.26"]

1. d4 Nf6 2. c4 g6 3. Nc3 Bg7 4. Bg5 d6 5. e3 Nbd7 6. Nf3 O-O 7. Be2 c6 8. O-O
Re8 9. Qc2 Qc7 10. b4 e5 11. dxe5 dxe5 12. Rfd1 Nf8 13. Nd2 Bf5 14. Qb3 h6 15.
Bh4 Be6 16. Qb2 N6d7 17. e4 a6 18. a4 Reb8 19. a5 f5 20. f3 g5 21. Bf2 f4 22.
Nb3 h5 23. Nc5 Re8 24. Rd2 Nxc5 25. Bxc5 Qf7 26. Rad1 Bxc4 27. Bxc4 Qxc4 28.
Na4 Qf7 29. Nb6 Rab8 30. Qc3 g4 31. Nc4 Qg6 32. Nd6 Red8 33. Nf5 Bf6 34. Qc4+
Kh7 35. Rxd8 Rxd8 36. Rxd8 Bxd8 37. Bxf8 gxf3 38. Qf1 b6 39. axb6 Bxb6+ 40. Bc5
Bxc5+ 41. bxc5 fxg2 42. Qxa6 f3 43. Qb7+ Kh8 44. Qc8+ Kh7 45. Qc7+ Kh8 46.
Qxe5+ Kh7 47. Qc7+ Kh8 48. Qg3 1-0

[Event "DVM U16 2012"]
[Site "Naumburg (Saale) GER"]
[Date "2012.12.29"]
[Round "6"]
[White "Bay, Nicolai"]
[Black "Vogt, Marc Jonas"]
[Result "1-0"]
[Termination "normal"]
[Board "2.3"]
[WhiteElo "1688"]
[BlackElo "1856"]
[WhiteTeam "SC Eppingen"]
[BlackTeam "Stader SV"]
[WhiteFideId "12927619"]
[BlackFideId "24695661"]
[EventCountry "GER"]
[EventRounds "7"]
[EventType "team-swiss"]
[EventDate "2012.12.26"]

1. e4 c5 2. c3 d5 3. exd5 Qxd5 4. d4 Nc6 5. Nf3 Bg4 6. Be2 cxd4 7. cxd4 e6 8.
Nc3 Bb4 9. O-O Qd7 10. Be3 Nf6 11. Qb3 O-O 12. Rfd1 Nd5 13. Nxd5 Qxd5 14. Qxd5
exd5 15. Rac1 Rac8 16. h3 Bf5 17. Ne5 Ne7 18. Nd3 Bd6 19. Nf4 Bd7 20. Bf3 Bc6
21. Rd3 Rfe8 22. Rdc3 Rcd8 23. a3 a6 24. Kf1 Bb8 25. g3 Nf5 26. Ne2 Bb5 27. g4
Nh4 28. Bh1 f5 29. R1c2 f4 30. Bc1 Rxe2 31. Rxe2 Re8 32. Bxd5+ Kh8 33. Bc4 1-0

[Event "DVM U16 2012"]
[Site "Naumburg (Saale) GER"]
[Date "2012.12.29"]
[Round "6"]
[White "Hammann, Jonas"]
[Black "Essig, Philipp"]
[Result "1-0"]
[Termination "normal"]
[Board "2.4"]
[WhiteElo "1491"]
[BlackElo "1471"]
[WhiteTeam "Stader SV"]
[BlackTeam "SC Eppingen"]
[WhiteFideId "12930601"]
[EventCountry "GER"]
[EventRounds "7"]
[EventType "team-swiss"]
[EventDate "2012.12.26"]

1. d4 e6 2. c4 d5 3. Nc3 Nf6 4. Bg5 c6 5. e3 Bd6 6. Nf3 Nbd7 7. cxd5 exd5 8.
Bd3 Qc7 9. Rc1 a6 10. O-O O-O 11. Qc2 h6 12. Bh4 Re8 13. Rfe1 Ng4 14. Bg3 Bxg3
15. hxg3 Nf8 16. Nxd5 Qa5 17. Nc3 Ne6 18. a3 Bd7 19. Ne4 Qc7 20. Nfd2 h5 21.
Nb3 Rad8 22. Nbc5 Rf8 23. b4 Nxc5 24. bxc5 Be6 25. Rb1 Bd5 26. Nd6 Rb8 27. Rb6
Rfd8 28. Reb1 Rd7 29. Rxb7 Rxb7 30. Rxb7 Qd8 31. Qb2 Qe7 32. Rxd7 1-0

[Event "DVM U16 2012"]
[Site "Naumburg (Saale) GER"]
[Date "2012.12.29"]
[Round "6"]
[White "Xiong, Ferdinand"]
[Black "Knopf, Felix"]
[Result "1-0"]
[Termination "normal"]
[Board "3.1"]
[WhiteElo "2002"]
[BlackElo "1853"]
[WhiteTeam "SC Vaterstetten"]
[BlackTeam "SV Merseburg"]
[WhiteFideId "24654132"]
[BlackFideId "24692204"]
[EventCountry "GER"]
[EventRounds "7"]
[EventType "team-swiss"]
[EventDate "2012.12.26"]

1. e4 c5 2. Nf3 d6 3. d4 cxd4 4. Nxd4 Nf6 5. Nc3 a6 6. Bc4 e6 7. O-O Be7 8. Bb3
O-O 9. f4 Qc7 10. f5 e5 11. Nde2 Bd7 12. Bg5 Bc6 13. Bxf6 Bxf6 14. Bd5 Nd7 15.
Kh1 Nb6 16. Ng3 Bxd5 17. exd5 Be7 18. Nce4 f6 19. b3 Rac8 20. c4 Nd7 21. Rc1
Qa5 22. a4 Rc7 23. Qg4 Kh8 24. Rc3 b5 25. Nh5 Rf7 26. Rh3 bxc4 27. Qg6 Kg8 28.
Qxh7+ 1-0

[Event "DVM U16 2012"]
[Site "Naumburg (Saale) GER"]
[Date "2012.12.29"]
[Round "6"]
[White "Feuerherdt, Martin"]
[Black "Nitsche-Hahn, Raphael"]
[Result "0-1"]
[Termination "normal"]
[Board "3.2"]
[WhiteElo "1803"]
[BlackElo "1927"]
[WhiteTeam "SV Merseburg"]
[BlackTeam "SC Vaterstetten"]
[WhiteFideId "12910341"]
[BlackFideId "4613120"]
[EventCountry "GER"]
[EventRounds "7"]
[EventType "team-swiss"]
[EventDate "2012.12.26"]

1. e4 c5 2. Nf3 Nc6 3. d4 cxd4 4. Nxd4 g6 5. Be3 Bg7 6. Nc3 Nf6 7. Nxc6 bxc6 8.
f4 O-O 9. e5 Ne8 10. Be2 Nc7 11. O-O d6 12. exd6 exd6 13. Bd4 Ne6 14. Bxg7 Qb6+
15. Kh1 Nxg7 16. Na4 Qa5 17. b3 d5 18. Qe1 Qc7 19. Qc3 Bf5 20. Rad1 Rae8 21.
Bd3 Re7 22. Rde1 Rfe8 23. Rxe7 Rxe7 24. g3 Bh3 25. Re1 Nf5 26. Bf1 d4 27. Qd2
Bxf1 28. Rxf1 Re3 29. Re1 Qe7 30. Rd1 Nxg3+ 31. hxg3 Rxg3 32. Qh2 Qe4+ 0-1

[Event "DVM U16 2012"]
[Site "Naumburg (Saale) GER"]
[Date "2012.12.29"]
[Round "6"]
[White "Schackmann, Oliver"]
[Black "Hoffmann, Dustin"]
[Result "1-0"]
[Termination "normal"]
[Board "3.3"]
[WhiteElo "1908"]
[BlackElo "1706"]
[WhiteTeam "SC Vaterstetten"]
[BlackTeam "SV Merseburg"]
[WhiteFideId "12905267"]
[BlackFideId "1270566"]
[EventCountry "GER"]
[EventRounds "7"]
[EventType "team-swiss"]
[EventDate "2012.12.26"]

1. e4 c5 2. Nf3 Nc6 3. d3 g6 4. g3 Bg7 5. Bg2 Nf6 6. O-O O-O 7. Re1 d6 8. Nbd2
Qc7 9. c3 b5 10. Nf1 a5 11. e5 dxe5 12. Nxe5 Nxe5 13. Bxa8 Bg4 14. f3 Rxa8 15.
fxg4 Nexg4 16. Qe2 e6 17. Bf4 Qc6 18. h3 Nh6 19. Be5 Nf5 20. Qg2 Qa6 21. Rad1
Rd8 22. Qf2 Qc6 23. g4 1-0

[Event "DVM U16 2012"]
[Site "Naumburg (Saale) GER"]
[Date "2012.12.29"]
[Round "6"]
[White "Grimm, Julius"]
[Black "Hinrichs, Lars"]
[Result "1-0"]
[Termination "normal"]
[Board "4.1"]
[WhiteElo "1850"]
[BlackElo "1947"]
[WhiteTeam "SV Schachforum Darmstadt 1994"]
[BlackTeam "Hamburger SK von 1830"]
[WhiteFideId "12916986"]
[BlackFideId "12921769"]
[EventCountry "GER"]
[EventRounds "7"]
[EventType "team-swiss"]
[EventDate "2012.12.26"]

1. d4 d5 2. c4 Nc6 3. Nc3 e5 4. cxd5 Nxd4 5. e3 Nf5 6. Bb5+ Bd7 7. Qb3 Nd6 8.
Bxd7+ Qxd7 9. Nf3 f6 10. e4 Ne7 11. Be3 Ng6 12. O-O Be7 13. Ne1 O-O 14. Nd3 b6
15. Nb4 Nb7 16. d6+ 1-0

[Event "DVM U16 2012"]
[Site "Naumburg (Saale) GER"]
[Date "2012.12.29"]
[Round "6"]
[White "Grötzbach, Daniel"]
[Black "Tibke, Jonas"]
[Result "1-0"]
[Termination "normal"]
[Board "4.2"]
[WhiteElo "1899"]
[BlackElo "1945"]
[WhiteTeam "Hamburger SK von 1830"]
[BlackTeam "SV Schachforum Darmstadt 1994"]
[WhiteFideId "24692166"]
[BlackFideId "12928356"]
[EventCountry "GER"]
[EventRounds "7"]
[EventType "team-swiss"]
[EventDate "2012.12.26"]

1. e4 e5 2. Nf3 d6 3. d4 exd4 4. Nxd4 Nf6 5. Nc3 Be7 6. Bf4 O-O 7. Qd2 Nc6 8.
O-O-O Re8 9. f3 Nh5 10. Be3 Nxd4 11. Bxd4 Bg5 12. Be3 Bxe3 13. Qxe3 Nf6 14. g4
Be6 15. g5 Nd7 16. h4 f5 17. Qd4 Ne5 18. f4 Nc6 19. Qf2 Qd7 20. Bh3 fxe4 21. f5
Bc4 22. b3 e3 23. Qf4 Bf7 24. g6 hxg6 25. fxg6 Be6 26. Qg5 Bxh3 27. Qh5 Ne7 28.
Qh7+ Kf8 29. Rhf1+ Bf5 30. Rd5 Qe6 31. Qh8+ Qg8 32. Qh5 Nxd5 33. Nxd5 Qxd5 34.
Rxf5+ Qxf5 35. Qxf5+ Kg8 36. Qd5+ Kh8 37. Qh5+ Kg8 38. Qd5+ Kh8 39. Qh5+ Kg8
40. Qh7+ Kf8 41. Qh8+ Ke7 42. Qxg7+ Ke6 43. Qf7+ Ke5 44. Kd1 Rf8 45. Qe7+ Kf5
46. g7 Rg8 47. Qg5+ Ke6 48. h5 Rae8 49. h6 e2+ 50. Kxe2 Kf7+ 51. Kf3 Re5 52.
Qg4 Re6 53. Qxe6+ Kxe6 54. h7 Rxg7 55. h8=Q Rf7+ 56. Ke3 c5 57. Qh6+ Kd7 58.
Qh3+ Kc7 59. Qe6 Rd7 60. Ke4 Rh7 61. Qf6 Kc6 62. Qd8 Rd7 63. Qe8 Kc7 64. Kd5
Rd8 65. Qe6 Rd7 66. a3 b6 67. Qe8 Rd8 68. Qc6+ Kb8 69. c3 Rc8 70. Qxd6+ Kb7 71.
Qd7+ Rc7 72. Qe6 a5 73. Kc4 Ka6 74. Qe8 Rb7 75. Qc8 Ka7 76. Kb5 1-0

[Event "DVM U16 2012"]
[Site "Naumburg (Saale) GER"]
[Date "2012.12.29"]
[Round "6"]
[White "Nothnagel, Marian Can"]
[Black "Sander, Jean Louis"]
[Result "1-0"]
[Termination "normal"]
[Board "4.3"]
[WhiteElo "1754"]
[BlackElo "1800"]
[WhiteTeam "SV Schachforum Darmstadt 1994"]
[BlackTeam "Hamburger SK von 1830"]
[WhiteFideId "12921530"]
[BlackFideId "12903280"]
[EventCountry "GER"]
[EventRounds "7"]
[EventType "team-swiss"]
[EventDate "2012.12.26"]

1. e4 c5 2. Nf3 d6 3. d4 cxd4 4. Nxd4 Nf6 5. Nc3 a6 6. Be3 e5 7. Nb3 Be7 8. f3
Be6 9. Qd2 Nbd7 10. O-O-O O-O 11. g4 b5 12. g5 b4 13. Ne2 Ne8 14. f4 a5 15. f5
a4 16. Nbd4 b3 17. Kb1 exd4 18. Nxd4 bxc2+ 19. Nxc2 Bb3 20. axb3 axb3 21. Na3
Nc7 22. Bc4 Ne5 23. Bxb3 Qb8 24. Qc2 d5 25. Bf4 Nc4 26. Nxc4 dxc4 27. Qxc4 Bd8
28. Rd7 1-0

[Event "DVM U16 2012"]
[Site "Naumburg (Saale) GER"]
[Date "2012.12.29"]
[Round "6"]
[White "Elbracht, Michael"]
[Black "Dittmar, Lars"]
[Result "1-0"]
[Termination "normal"]
[Board "4.4"]
[WhiteElo "1600"]
[BlackElo "1764"]
[WhiteTeam "Hamburger SK von 1830"]
[BlackTeam "SV Schachforum Darmstadt 1994"]
[WhiteFideId "12945595"]
[BlackFideId "12921505"]
[EventCountry "GER"]
[EventRounds "7"]
[EventType "team-swiss"]
[EventDate "2012.12.26"]

1. e4 e5 2. Nf3 d6 3. d4 exd4 4. Nxd4 Nf6 5. Nc3 Be7 6. Bf4 O-O 7. Bd3 Re8 8.
O-O Nbd7 9. Nf5 Bf8 10. Ng3 Ne5 11. Bb5 c6 12. Be2 Be6 13. Bg5 h6 14. Bxf6 Qxf6
15. Nh5 Qd8 16. Kh1 Nc4 17. b3 Nb6 18. Nf4 Qf6 19. Qd2 Rad8 20. Nxe6 Qxe6 21.
Bf3 Be7 22. Rad1 Nd7 23. g3 Nc5 24. Bg2 Bf6 25. f3 Qe5 26. Ne2 Qe7 27. Nd4 d5
28. Nf5 Qe6 29. Qf2 b6 30. Bh3 Kh8 31. exd5 Rxd5 32. Nxg7 Qe2 33. Rxd5 Qxf2 34.
Rxf2 Re1+ 35. Rf1 Rxf1+ 36. Bxf1 cxd5 37. Nf5 Be5 38. Nxh6 Kg7 39. Nf5+ Kf6 40.
Ne3 Ke6 41. Kg1 Nb7 42. Kf2 Nd8 43. Ke2 Nc6 44. Kd2 d4 45. Bh3+ Ke7 46. Nf5+
Kf6 47. f4 Bc7 48. a3 a6 49. Kd3 b5 50. Nxd4 Nxd4 51. Kxd4 Bb6+ 52. Ke4 Bg1 53.
Bc8 a5 54. h3 Bf2 55. g4 Kg6 56. c4 1-0

[Event "DVM U16 2012"]
[Site "Naumburg (Saale) GER"]
[Date "2012.12.29"]
[Round "6"]
[White "Hobusch, Jan"]
[Black "Riehle, Marco"]
[Result "1/2-1/2"]
[Termination "normal"]
[Board "5.1"]
[WhiteElo "2060"]
[BlackElo "1849"]
[WhiteTeam "SG Solingen"]
[BlackTeam "SF Sasbach"]
[WhiteFideId "12907634"]
[BlackFideId "12904392"]
[EventCountry "GER"]
[EventRounds "7"]
[EventType "team-swiss"]
[EventDate "2012.12.26"]

1. e4 e5 2. Nf3 Nc6 3. Bb5 f5 4. Qe2 fxe4 5. Bxc6 dxc6 6. Qxe4 Nf6 7. Qxe5+ Be7
8. d3 O-O 9. Qe2 Nd5 10. Be3 Bf6 11. d4 Re8 12. Nc3 Bg4 13. O-O Bxd4 14. Qc4
Bxc3 15. Qxg4 Bxb2 16. Rab1 Nxe3 17. fxe3 Bf6 18. Rxb7 Rxe3 19. Qc4+ Kh8 20.
Qxc6 Rc3 21. Qe6 Qe8 22. Qf5 Rd8 23. Rb3 Rxb3 24. axb3 Qe3+ 25. Kh1 h6 26. h3
Qe7 27. Re1 Qd7 28. Qe4 Qd5 29. Qa4 Bc3 30. Re8+ Rxe8 31. Qxe8+ Kh7 32. Qe2 a5
1/2-1/2

[Event "DVM U16 2012"]
[Site "Naumburg (Saale) GER"]
[Date "2012.12.29"]
[Round "6"]
[White "Bohnert, Dominik"]
[Black "Zolfagharian, Kevin"]
[Result "0-1"]
[Termination "normal"]
[Board "5.2"]
[WhiteElo "1956"]
[BlackElo "1981"]
[WhiteTeam "SF Sasbach"]
[BlackTeam "SG Solingen"]
[WhiteFideId "12918075"]
[BlackFideId "12933570"]
[EventCountry "GER"]
[EventRounds "7"]
[EventType "team-swiss"]
[EventDate "2012.12.26"]

1. e4 c5 2. Nf3 Nc6 3. d4 cxd4 4. Nxd4 Nf6 5. Nc3 d6 6. f3 e5 7. Nb3 Be7 8. Be3
O-O 9. Qd2 Be6 10. O-O-O a5 11. Kb1 a4 12. Nc1 a3 13. b3 Nb4 14. g4 Rc8 15. g5
Nh5 16. Nd3 d5 17. exd5 Bf5 18. d6 Qxd6 19. Nxb4 Qxd2 20. Bxd2 Bxb4 21. Ne4
Rfd8 22. Bd3 Bxe4 23. fxe4 Bxd2 24. Rxd2 Nf4 25. Rhd1 Rd4 26. Bc4 Rcd8 27. Bd5
Nxd5 28. exd5 R8xd5 29. Rxd4 Rxd4 30. Rxd4 exd4 31. Kc1 Kf8 32. Kd2 Ke7 33. Kd3
Ke6 34. Kxd4 Kf5 35. h4 Kg4 36. c4 Kxh4 37. c5 Kxg5 38. Ke5 f5 39. b4 f4 40. b5
f3 41. c6 bxc6 42. bxc6 f2 43. c7 f1=Q 44. c8=Q Qf4+ 45. Kd5 Qf5+ 0-1

[Event "DVM U16 2012"]
[Site "Naumburg (Saale) GER"]
[Date "2012.12.29"]
[Round "6"]
[White "Reksten, Daniel"]
[Black "Ehmann, Thilo"]
[Result "1-0"]
[Termination "normal"]
[Board "5.3"]
[WhiteElo "1903"]
[BlackElo "1900"]
[WhiteTeam "SG Solingen"]
[BlackTeam "SF Sasbach"]
[WhiteFideId "24692590"]
[BlackFideId "12940968"]
[EventCountry "GER"]
[EventRounds "7"]
[EventType "team-swiss"]
[EventDate "2012.12.26"]

1. d4 d5 2. c4 e6 3. Nf3 Nf6 4. g3 dxc4 5. Bg2 Be7 6. O-O O-O 7. Ne5 c6 8. a4
Qc7 9. Nxc4 Rd8 10. Bf4 Qd7 11. e3 c5 12. Ne5 Qe8 13. Nc3 cxd4 14. exd4 Na6 15.
Rc1 Nb4 16. Qb3 Nfd5 17. Rfd1 a6 18. a5 g5 19. Be3 Rb8 20. Nc4 Bd7 21. Nxd5
Nxd5 22. Nb6 Bc6 23. Rd2 Qf8 24. Rdc2 h6 25. Nxd5 Bxd5 26. Bxd5 Rxd5 27. Rc7
Rb5 28. Qd3 Qd8 29. f4 Bd6 30. R7c2 g4 31. f5 Rxf5 32. Bxh6 Rf3 33. Qe4 Rf5 34.
Qxg4+ 1-0

[Event "DVM U16 2012"]
[Site "Naumburg (Saale) GER"]
[Date "2012.12.29"]
[Round "6"]
[White "Gubela, Hans-Erich Constantin"]
[Black "Nguyen, Gia Huy Philipp"]
[Result "1-0"]
[Termination "normal"]
[Board "5.4"]
[WhiteElo "1789"]
[BlackElo "1450"]
[WhiteTeam "SF Sasbach"]
[BlackTeam "SG Solingen"]
[WhiteFideId "24692140"]
[BlackFideId "12933597"]
[EventCountry "GER"]
[EventRounds "7"]
[EventType "team-swiss"]
[EventDate "2012.12.26"]

1. e3 e5 2. b3 d5 3. Bb2 Nc6 4. Be2 Bd6 5. Nf3 Nge7 6. O-O O-O 7. c4 Be6 8.
cxd5 Nxd5 9. Nc3 Nxc3 10. Bxc3 Bf5 11. d4 exd4 12. Nxd4 Nxd4 13. Qxd4 f6 14.
Rfd1 Be6 15. Bf3 Qc8 16. Qe4 Rb8 17. Rac1 Ba3 18. Rc2 Bf5 19. Qc4+ Kh8 20. e4
Bg4 21. Bxg4 Qxg4 22. f3 Qf4 23. Qe2 Bc5+ 24. Kh1 Rfd8 25. Rcd2 Rxd2 26. Qxd2
Qxd2 27. Rxd2 Kg8 28. Rd7 Bd6 29. g3 Kf8 30. Kg2 Re8 31. Kf2 Re7 32. Rxe7 Kxe7
33. Ke3 Kd7 34. f4 Ke6 35. g4 b5 36. h4 c5 37. g5 fxg5 38. f5+ Kf7 39. hxg5 Be7
40. Kf4 c4 41. bxc4 bxc4 42. e5 Bf8 43. e6+ Ke8 44. f6 gxf6 45. gxf6 Bc5 46.
Kf5 Ba3 47. Ke5 Bf8 48. f7+ Kd8 49. Ba5+ Kc8 50. Kf6 h5 51. e7 1-0

[Event "DVM U16 2012"]
[Site "Naumburg (Saale) GER"]
[Date "2012.12.29"]
[Round "6"]
[White "Richter, Leonard"]
[Black "Oshionwu, Nelo"]
[Result "1/2-1/2"]
[Termination "normal"]
[Board "6.1"]
[WhiteElo "1926"]
[BlackElo "1887"]
[WhiteTeam "BSG Grün-Weiß Leipzig"]
[BlackTeam "KSV Rochade Göttingen"]
[WhiteFideId "12900290"]
[BlackFideId "12913405"]
[EventCountry "GER"]
[EventRounds "7"]
[EventType "team-swiss"]
[EventDate "2012.12.26"]

1. e4 e6 2. d4 d5 3. Nc3 dxe4 4. Nxe4 Bd7 5. Nf3 Bc6 6. Bd3 Nf6 7. Bg5 Be7 8.
Bxf6 Bxf6 9. c3 Nd7 10. Qe2 a6 11. O-O-O Qe7 12. Kb1 O-O-O 13. c4 g5 14. Nxf6
Qxf6 15. Be4 Bxe4+ 16. Qxe4 g4 17. Qxg4 Rhg8 18. Qh3 Qg6+ 19. Kc1 Qxg2 20. Qxg2
Rxg2 21. Rd2 Nf6 22. Ne1 Rg4 23. Nc2 Rf4 24. Rg1 c5 25. dxc5 Rxd2 26. Kxd2
Rxf2+ 27. Kd3 Rxh2 28. Rg7 Nd7 29. b4 Ne5+ 30. Kd4 f6 31. Ne3 Nc6+ 32. Kc3 Rxa2
33. b5 Ra3+ 34. Kd2 Ne5 35. Rxh7 Ra2+ 36. Kc3 Ra3+ 37. Kd2 Rd3+ 38. Ke2 Rd7 39.
Rh8+ Rd8 40. Rh7 a5 41. Re7 Ng6 42. Rg7 Nf4+ 43. Kf3 Nd3 44. b6 Kb8 45. Ng4 f5
46. Nf6 Nxc5 47. Rc7 Nb3 48. Nd7+ Ka8 49. c5 Nd4+ 50. Ke3 Nc6 51. Kf4 a4 52.
Ne5 Nxe5 53. Kxe5 Kb8 54. Rh7 Rd5+ 55. Kxe6 Rxc5 56. Kd7 Rd5+ 57. Ke7 Rc5 58.
Kd7 Rc8 59. Rf7 Rh8 60. Rxf5 a3 61. Ra5 Rh7+ 62. Kd6 Rh6+ 63. Kd7 Rh7+ 64. Kd6
Rh6+ 65. Kd7 Rxb6 66. Rxa3 Rc6 67. Rb3 Rc1 68. Kd6 Rc6+ 69. Kd5 Kc7 70. Kd4 b6
71. Rc3 b5 72. Rxc6+ Kxc6 73. Kc3 Kc5 74. Kb3 b4 75. Kb2 Kc4 76. Kc2 b3+ 77.
Kb2 Kb4 78. Kb1 1/2-1/2

[Event "DVM U16 2012"]
[Site "Naumburg (Saale) GER"]
[Date "2012.12.29"]
[Round "6"]
[White "Rosin, Julius"]
[Black "Schmücker, Felix"]
[Result "0-1"]
[Termination "normal"]
[Board "6.2"]
[WhiteElo "1840"]
[BlackElo "2073"]
[WhiteTeam "KSV Rochade Göttingen"]
[BlackTeam "BSG Grün-Weiß Leipzig"]
[WhiteFideId "12909610"]
[BlackFideId "12900273"]
[EventCountry "GER"]
[EventRounds "7"]
[EventType "team-swiss"]
[EventDate "2012.12.26"]

1. e4 c5 2. Nf3 e6 3. d4 cxd4 4. Nxd4 a6 5. Nc3 Qc7 6. Be3 Bb4 7. Qd2 Nf6 8. a3
Nxe4 9. Bf4 Bxc3 10. bxc3 e5 11. Qe3 O-O 12. Qxe4 Qxc3+ 13. Ke2 exf4 14. Rb1 d5
15. Qd3 Re8+ 16. Kf3 Qc7 17. Be2 Nd7 0-1